000 00826nam a2200205 i 4500
001 45299
003 ES-MaACL
005 20250905141117.0
007 t|
008 030325s1883 sp ||||1| spa d
100 1 _aCock, Hendrik.
_939404
245 1 0 _aMantua Carpentana heroice descripta :
_bdescripción de Madrid compuesta a fines del siglo XVI en exámetros latinos /
_cpor Enrique Cock ; y publicada por vez primera con introducción y notas por A. Morel-Fatio y A. Rodríguez Villa.
260 _aMadrid :
_b[s.n.],
_c1883 (
_fImp. D.G. Hernando)
300 _a61 p. ;
_c17 cm.
651 _aMadrid-
_xDescripción-
_vObras anteriores a 1800.
_9160901
700 1 _aMorel-Fatio, Alfred.
_983243
700 1 _aRodríguez Villa, Antonio,
_d1843-1912
_998860
852 _aES-MaACL
_jT-1459-F-4
999 _c45299
_d45299